000 00644nam a2200229 a 4500
001 BRCA_7152
005 20190320205730.0
008 110112s1928----gw-a######---#000-0#ger-#
041 _ager
044 _agw
050 4 _aND1500
_b.E32 1928
100 1 _aEibner, Alexander
_d1862-1935
_917749
245 1 0 _aEntwicklung und Werkstoffe der Tafelmalerei
_cvon Professor Dr. A. Eibner
260 _aMunich
_bB. Heller
_c1928
300 _avi, 194 p.
_bil., 27 láminas
_c25 cm.
500 _aEjemplar intonso
500 _aO179
650 1 4 _aPintura
_xTécnica
_91564
650 1 4 _aPintura
_xMateriales
_917750
902 _aGFM
942 _2lcc
_cB
999 _c6833
_d6833